[Event "PRO League Stage"]
[Site "Chess.com INT"]
[Date "2019.02.14"]
[Round "6"]
[White "Salomon, Johan"]
[Black "Maurizzi, Marc Andria"]
[Result "1-0"]
[WhiteElo "2494"]
[BlackElo "2028"]
[PlyCount "91"]
[EventDate "2019.01.08"]
[EventType "team-swiss (rapid)"]
[EventRounds "10"]
[EventCountry "USA"]
[SourceTitle "CBM 188 Extra"]
[Source "ChessBase"]
[SourceDate "2019.02.26"]
[SourceVersion "1"]
[SourceVersionDate "2019.02.26"]
[SourceQuality "1"]
[WhiteTeam "Norway Gnomes"]
[BlackTeam "Marseille Migraines"]
[WhiteTeamCountry "NOR"]
[BlackTeamCountry "FRA"]

1. Nf3 Nf6 2. g3 g6 3. b3 Bg7 4. Bb2 b6 5. Bg2 Bb7 6. 0-0 0-0 7. c4 c5 8. d4 cxd4 9. Qxd4 Nc6 10. Qc3 Rc8 11. Rd1 Na5 12. Qe1 d6 13. Nc3 Ne4 14. Rac1 Nxc3 15. Bxc3 Bxc3 16. Rxc3 Qc7 17. Re3 Rfd8 18. Bh3 Rb8 19. Nd4 a6 20. Ne6 Qc6 21. Rd5 Qe8 22. Qc3 f6 23. Nxd8 Bxd5 24. cxd5 Qxd8 25. Be6+ Kg7 26. b4 Nb7 27. Qc6 a5 28. a3 axb4 29. axb4 Kf8 30. Rd3 Qe8 31. Bd7 Qd8 32. h4 Kg7 33. Kh2 Qf8 34. Qxb6 Nc5 35. bxc5 Rxb6 36. cxb6 Qd8 37. Rb3 Qxd7 38. b7 Qf5 39. Kg1 Qc2 40. b8Q Qd1+ 41. Kh2 Qxe2 42. Qb6 h5 43. Qe3 Qd1 44. Qxe7+ Kh6 45. Qf8+ Kh7 46. Rb7# 1-0

[Event "PRO League Stage"]
[Site "Chess.com INT"]
[Date "2019.02.14"]
[Round "6"]
[White "Vachier Lagrave, Maxime"]
[Black "Salomon, Johan"]
[Result "1-0"]
[WhiteElo "2780"]
[BlackElo "2494"]
[PlyCount "95"]
[EventDate "2019.01.08"]
[EventType "team-swiss (rapid)"]
[EventRounds "10"]
[EventCountry "USA"]
[SourceTitle "CBM 188 Extra"]
[Source "ChessBase"]
[SourceDate "2019.02.26"]
[SourceVersion "1"]
[SourceVersionDate "2019.02.26"]
[SourceQuality "1"]
[WhiteTeam "Marseille Migraines"]
[BlackTeam "Norway Gnomes"]
[WhiteTeamCountry "FRA"]
[BlackTeamCountry "NOR"]

1. g3 g6 2. Bg2 Bg7 3. c4 c5 4. Nc3 Nc6 5. e3 d6 6. Nge2 e5 7. 0-0 Nge7 8. a3 a5 9. Nd5 0-0 10. Nec3 Nxd5 11. Nxd5 a4 12. d3 Bd7 13. b4 axb3 14. Qxb3 Na5 15. Qb6 e4 16. Bd2 Bxa1 17. Rxa1 Qxb6 18. Nxb6 Nb3 19. Ra2 Nxd2 20. Rxd2 Bc6 21. Nxa8 Rxa8 22. Bxe4 Bxe4 23. dxe4 Rxa3 24. Rxd6 Ra4 25. e5 Rxc4 26. e6 fxe6 27. Rd8+ Kg7 28. Rd7+ Kf6 29. Rxb7 h5 30. h4 Rc1+ 31. Kg2 c4 32. Kf3 Kf5 33. Rb5+ Kf6 34. Rc5 Rc2 35. e4 Rc3+ 36. Kf4 Rc2 37. f3 Rc3 38. e5+ Kf7 39. g4 hxg4 40. fxg4 Rc1 41. Kg5 c3 42. Rc7+ Ke8 43. Kxg6 Kd8 44. Rc4 c2 45. g5 Rh1 46. Rxc2 Rxh4 47. Kf6 Rg4 48. g6 1-0

[Event "PRO League Stage"]
[Site "Chess.com INT"]
[Date "2019.02.07"]
[Round "5"]
[White "Blohberger, Felix"]
[Black "Salomon, Johan"]
[Result "0-1"]
[WhiteElo "2450"]
[BlackElo "2494"]
[PlyCount "140"]
[EventDate "2019.01.08"]
[EventType "team-swiss (rapid)"]
[EventRounds "10"]
[EventCountry "USA"]
[SourceTitle "CBM 188 Extra"]
[Source "ChessBase"]
[SourceDate "2019.02.26"]
[SourceVersion "1"]
[SourceVersionDate "2019.02.26"]
[SourceQuality "1"]
[WhiteTeam "Berlin Bears"]
[BlackTeam "Norway Gnomes"]
[WhiteTeamCountry "GER"]
[BlackTeamCountry "NOR"]

1. e4 e5 2. Nf3 Nc6 3. Bb5 Nf6 4. 0-0 Nxe4 5. Re1 Nd6 6. Nxe5 Be7 7. Bf1 0-0 8. Nf3 Nf5 9. d4 d5 10. c3 Re8 11. Bd3 Bd6 12. Nbd2 Rxe1+ 13. Nxe1 Nh4 14. g3 Ng6 15. Ng2 Nce7 16. Qf3 Be6 17. Nf1 Qd7 18. Qe2 Bg4 19. Qc2 c5 20. dxc5 Bxc5 21. Be3 d4 22. cxd4 Bxd4 23. Bxd4 Qxd4 24. Nge3 Bf3 25. Nd2 Bc6 26. Be4 Rc8 27. Bxc6 Rxc6 28. Ndc4 Nd5 29. Rd1 Nxe3 30. Nxe3 Rxc2 31. Rxd4 Rxb2 32. Rd8+ Nf8 33. a4 g6 34. Ra8 a6 35. Nd5 Kg7 36. Rd8 Ne6 37. Rd7 Nc5 38. Rc7 Nxa4 39. Ne3 Rb5 40. h4 h5 41. Kg2 a5 42. Rd7 Nc3 43. Nc4 Ne4 44. f3 Nf6 45. Rc7 Nd5 46. Rd7 Kf6 47. Nd6 Rb2+ 48. Kg1 Ke6 49. Rd8 Ke7 50. Nxb7 Rxb7 51. Rxd5 Ra7 52. Rd3 a4 53. Ra3 Kd6 54. Kf2 Kc5 55. g4 Kb4 56. Ra1 Kb3 57. gxh5 gxh5 58. Kg3 Kb2 59. Re1 a3 60. Kf4 a2 61. Kg5 Rc7 62. Kxh5 Rc1 63. Re2+ Rc2 64. Re1 Rg2 65. Kh6 a1Q 66. Rxa1 Kxa1 67. f4 f5 68. h5 Rg4 69. Kh7 Rxf4 70. Kg6 Rh4 0-1

[Event "PRO League Stage"]
[Site "Chess.com INT"]
[Date "2019.02.07"]
[Round "5"]
[White "Salomon, Johan"]
[Black "Braun, Arik"]
[Result "1-0"]
[WhiteElo "2494"]
[BlackElo "2598"]
[PlyCount "109"]
[EventDate "2019.01.08"]
[EventType "team-swiss (rapid)"]
[EventRounds "10"]
[EventCountry "USA"]
[SourceTitle "CBM 188 Extra"]
[Source "ChessBase"]
[SourceDate "2019.02.26"]
[SourceVersion "1"]
[SourceVersionDate "2019.02.26"]
[SourceQuality "1"]
[WhiteTeam "Norway Gnomes"]
[BlackTeam "Berlin Bears"]
[WhiteTeamCountry "NOR"]
[BlackTeamCountry "GER"]

1. Nf3 Nf6 2. b3 c5 3. Bb2 d5 4. e3 a6 5. c4 Nc6 6. cxd5 Nxd5 7. Be2 Bg4 8. 0-0 e6 9. d4 cxd4 10. Nxd4 Bxe2 11. Qxe2 Nxd4 12. Bxd4 Qg5 13. f4 Qh6 14. Qf3 Rd8 15. Nc3 Be7 16. Nxd5 exd5 17. Rac1 0-0 18. Rc7 Bf6 19. Bc5 Rfe8 20. Rxb7 Qg6 21. Bb6 Rd6 22. Bc7 Rc6 23. Qxd5 Rc2 24. f5 Qg4 25. h3 Qe2 26. Bb6 Rf8 27. Bc5 Rd2 28. Qf3 Qxf3 29. gxf3 Rc8 30. b4 Rxa2 31. Rf2 Ra1+ 32. Kg2 h5 33. f4 Rd8 34. Kf3 Rh1 35. Rb6 Bh4 36. Rg2 Rxh3+ 37. Ke4 Bf6 38. Rxf6 h4 39. Rxa6 Rh1 40. Raa2 Re8+ 41. Kf3 Rf1+ 42. Kg4 f6 43. Kxh4 Rd8 44. Kg3 Kh7 45. Raf2 Rb1 46. Kf3 Kg8 47. Rh2 Kf7 48. Rd2 Re8 49. Rhg2 Kg8 50. Rd7 Kh8 51. Rgxg7 Rxe3+ 52. Bxe3 Rf1+ 53. Ke4 Rxf4+ 54. Kd3 Rxb4 55. Rh7+ 1-0

[Event "PRO League Stage"]
[Site "Chess.com INT"]
[Date "2019.01.22"]
[Round "3"]
[White "Salomon, Johan"]
[Black "Alonso Rosell, Alvar"]
[Result "1-0"]
[WhiteElo "2494"]
[BlackElo "2559"]
[PlyCount "107"]
[EventDate "2019.01.08"]
[EventType "team-swiss (rapid)"]
[EventRounds "10"]
[EventCountry "USA"]
[SourceTitle "CBM 188 Extra"]
[Source "ChessBase"]
[SourceDate "2019.02.26"]
[SourceVersion "1"]
[SourceVersionDate "2019.02.26"]
[SourceQuality "1"]
[WhiteTeam "Norway Gnomes"]
[BlackTeam "Barcelona Raptors"]
[WhiteTeamCountry "NOR"]
[BlackTeamCountry "ESP"]

1. Nf3 d5 2. g3 Nf6 3. Bg2 e6 4. 0-0 Be7 5. c4 0-0 6. b3 a5 7. d4 a4 8. Bb2 Ne4 9. Qc2 Nc6 10. bxa4 Nb4 11. Qb3 Bd7 12. Nc3 Nxc3 13. Qxc3 dxc4 14. Qxc4 Rxa4 15. Qb3 Nd5 16. a3 Ra7 17. Rfc1 Ba4 18. Qd3 c6 19. Ne5 Bb5 20. Qd2 Qa8 21. e4 Nb6 22. d5 cxd5 23. Qd4 Na4 24. Nc6 Bf6 25. Ne7+ Kh8 26. Qxf6 Rg8 27. Qd4 e5 28. Qxe5 f6 29. Qh5 Rd8 30. Bd4 b6 31. Nxd5 Be8 32. Qh4 Bf7 33. Nxf6 Bg8 34. Nd5 Rf7 35. Rc4 Rdf8 36. Rac1 Qe8 37. Rc7 Nc5 38. Rxf7 Qxf7 39. Bxc5 bxc5 40. Qf4 Qe8 41. Qe3 Qa4 42. Qxc5 Rb8 43. h4 Qb3 44. Qc3 Qa4 45. h5 h6 46. Nf4 Qb5 47. e5 Bf7 48. e6 Be8 49. Qd3 Qb2 50. Re1 Qf6 51. Ng6+ Kg8 52. e7 Bxg6 53. Qxg6 Qxg6 54. hxg6 1-0

[Event "PRO League Stage"]
[Site "Chess.com INT"]
[Date "2019.01.16"]
[Round "2"]
[White "Admiraal, Miguoel"]
[Black "Salomon, Johan"]
[Result "1-0"]
[WhiteElo "2478"]
[BlackElo "2494"]
[PlyCount "93"]
[EventDate "2019.01.08"]
[EventType "team-swiss (rapid)"]
[EventRounds "10"]
[EventCountry "USA"]
[SourceTitle "CBM 188 Extra"]
[Source "ChessBase"]
[SourceDate "2019.02.26"]
[SourceVersion "1"]
[SourceVersionDate "2019.02.26"]
[SourceQuality "1"]
[WhiteTeam "Amsterdam Mosquitoes"]
[BlackTeam "Norway Gnomes"]
[WhiteTeamCountry "NED"]
[BlackTeamCountry "NOR"]

1. d4 Nf6 2. Bg5 d5 3. e3 c5 4. c3 Ne4 5. Bf4 Nc6 6. Nd2 Nxd2 7. Qxd2 e6 8. Nf3 Bd7 9. Bd3 Be7 10. 0-0 0-0 11. dxc5 Bxc5 12. c4 dxc4 13. Bxc4 Qe7 14. Rac1 Rfd8 15. Rfd1 Be8 16. Qc2 Rxd1+ 17. Rxd1 h6 18. a3 Rc8 19. b4 Bb6 20. Ba2 Rd8 21. Rxd8 Qxd8 22. Bb1 Kf8 23. h3 Ne7 24. Qh7 Ng8 25. Be4 Qe7 26. Bxb7 f6 27. Be4 a5 28. Qh8 f5 29. Bc2 axb4 30. axb4 Qxb4 31. Be5 Qe7 32. Bb3 Bd7 33. Nh4 Qg5 34. Bd6+ Kf7 35. Nf3 Qd8 36. Ne5+ Kf6 37. Bf8 Kxe5 38. Qxg8 g5 39. Qg7+ Ke4 40. Bd6 Kd3 41. Bb4 Qc8 42. Qb2 Ke4 43. Qd2 f4 44. Bc2+ Ke5 45. Bc3+ Qxc3 46. Qxc3+ Kd6 47. Qb4+ 1-0

[Event "PRO League Stage"]
[Site "Chess.com INT"]
[Date "2019.01.08"]
[Round "1"]
[White "Salomon, Johan"]
[Black "Joie, Sebastien"]
[Result "0-1"]
[WhiteElo "2494"]
[BlackElo "2439"]
[PlyCount "104"]
[EventDate "2019.01.08"]
[EventType "team-swiss (rapid)"]
[EventRounds "10"]
[EventCountry "USA"]
[SourceTitle "CBM 188 Extra"]
[Source "ChessBase"]
[SourceDate "2019.02.26"]
[SourceVersion "1"]
[SourceVersionDate "2019.02.26"]
[SourceQuality "1"]
[WhiteTeam "Norway Gnomes"]
[BlackTeam "Cannes Blitzstreams"]
[WhiteTeamCountry "NOR"]
[BlackTeamCountry "FRA"]

1. Nf3 d5 2. g3 Bf5 3. Bg2 c6 4. 0-0 e6 5. d3 Nf6 6. Nh4 Bg4 7. h3 Bh5 8. f4 Nfd7 9. Qe1 Be7 10. Nf3 Qb6+ 11. Kh1 Na6 12. a3 0-0-0 13. b4 Bf6 14. Ra2 Bg6 15. e4 h5 16. c4 dxc4 17. dxc4 Be7 18. Nc3 f6 19. Be3 Qc7 20. Nd4 Bf7 21. Rc2 b6 22. e5 Nab8 23. Ncb5 Qb7 24. Nd6+ Bxd6 25. exd6 e5 26. Nxc6 Nxc6 27. b5 Ndb8 28. bxc6 Nxc6 29. fxe5 Bg6 30. Rb2 fxe5 31. c5 b5 32. Qe2 a6 33. a4 b4 34. a5 e4 35. Qc4 Rhe8 36. Rfb1 Bf7 37. Qe2 b3 38. Qd2 Re5 39. Qc3 Qb4 40. Qxb4 Nxb4 41. Rxb3 Bxb3 42. Rxb3 Nc6 43. h4 Kd7 44. Rb7+ Ke6 45. Rxg7 Nxa5 46. Bg5 Rf8 47. d7 Nc6 48. Rg6+ Kxd7 49. Rd6+ Kc7 50. Bf4 Rxf4 51. gxf4 Rxc5 52. Bxe4 Kxd6 0-1

[Event "Rilton Cup 48th"]
[Site "Stockholm"]
[Date "2019.01.02"]
[Round "6"]
[White "Salomon, Johan"]
[Black "Vaishali, Ramesh Babu"]
[Result "1/2-1/2"]
[WhiteElo "2494"]
[BlackElo "2329"]
[PlyCount "72"]
[EventDate "2018.12.27"]
[EventType "swiss"]
[EventRounds "9"]
[EventCountry "SWE"]
[SourceTitle "CBM 188 Extra"]
[Source "ChessBase"]
[SourceDate "2019.02.26"]
[SourceVersion "1"]
[SourceVersionDate "2019.02.26"]
[SourceQuality "1"]

1. Nf3 d5 2. e3 Nf6 3. c4 e6 4. b3 c5 5. Bb2 Nc6 6. cxd5 exd5 7. Bb5 Bd6 8. 0-0 0-0 9. d4 Bg4 10. dxc5 Bxc5 11. Nc3 a6 12. Bxc6 bxc6 13. Ne2 Rc8 14. Ne5 Bd6 15. Rc1 c5 16. Nxg4 Nxg4 17. Nf4 Bxf4 18. Qxg4 Bg5 19. Rcd1 d4 20. exd4 c4 21. bxc4 Rxc4 22. Rfe1 Qd5 23. Ba3 Rd8 24. Qe2 h6 25. Bc5 Bf6 26. h3 a5 27. Bb6 Rd6 28. Bxa5 Re6 29. Qf1 Rxd4 30. Bc3 Rxd1 31. Rxd1 Qxa2 32. Bxf6 Rxf6 33. Rd8+ Kh7 34. Qd3+ g6 35. Qd4 Qb1+ 36. Kh2 Qb6 1/2-1/2